[Event "Krapina op"]
[Site "Krapina"]
[Date "2011.07.15"]
[Round "8"]
[White "Tisljar, Stjepan"]
[Black "Turk, Karlo"]
[Result "1/2-1/2"]
[WhiteElo "2052"]
[BlackElo "2027"]
[PlyCount "136"]
[EventDate "2011.06.29"]
[EventType "swiss"]
[EventRounds "9"]
[EventCountry "CRO"]
[SourceTitle "EXT 2012"]
[Source "ChessBase"]
[SourceDate "2011.11.24"]
[SourceVersion "1"]
[SourceVersionDate "2011.11.24"]
[SourceQuality "1"]

1. e4 c5 2. Nf3 g6 3. d4 cxd4 4. Nxd4 Nf6 5. Nc3 d6 6. Be2 Bg7 7. Be3 0-0 8. f3 Nc6 9. Qd2 Bd7 10. 0-0-0 Ne5 11. g4 Rc8 12. h4 h5 13. gxh5 Nxh5 14. Rdg1 Nc4 15. Bxc4 Rxc4 16. f4 e5 17. Nf5 Bxf5 18. exf5 exf4 19. Qd5 Rxc3 20. bxc3 fxe3 21. Rxg6 Nf4 22. Rxg7+ Kxg7 23. Qd4+ Qf6 24. Qxf4 Qh6 25. f6+ Kh7 26. Qe4+ Kh8 27. Qe7 Rg8 28. Kb2 Qh5 29. Qxe3 Rg2 30. Re1 Qb5+ 31. Ka1 Qc6 32. Qe8+ Qxe8 33. Rxe8+ Kh7 34. Kb2 Rg4 35. Rd8 Kg6 36. Rxd6 Rxh4 37. Kb3 Rf4 38. Rd7 Rxf6 39. Rxb7 Rb6+ 40. Rxb6+ axb6 41. c4 Kf6 42. c5 bxc5 43. Kc4 Ke5 44. a4 f5 45. Kd3 Kd5 46. Ke3 Kc4 47. c3 f4+ 48. Kf3 Kxc3 49. a5 c4 50. a6 Kb2 51. a7 c3 52. a8Q c2 53. Qb7+ Ka1 54. Qa6+ Kb2 55. Qb5+ Ka1 56. Qa4+ Kb2 57. Qb4+ Ka1 58. Qc3+ Kb1 59. Qd3 Kb2 60. Qd2 Kb1 61. Qb4+ Ka1 62. Qe1+ Kb2 63. Qe5+ Kb1 64. Qe4 Kb2 65. Qb4+ Ka1 66. Qc3+ Kb1 67. Qb3+ Ka1 68. Qa3+ Kb1 1/2-1/2

[Event "Krapina op"]
[Site "Krapina"]
[Date "2011.07.13"]
[Round "7"]
[White "Mesar, Darko"]
[Black "Tisljar, Stjepan"]
[Result "0-1"]
[WhiteElo "1973"]
[BlackElo "2052"]
[PlyCount "90"]
[EventDate "2011.06.29"]
[EventType "swiss"]
[EventRounds "9"]
[EventCountry "CRO"]
[SourceTitle "EXT 2012"]
[Source "ChessBase"]
[SourceDate "2011.11.24"]
[SourceVersion "1"]
[SourceVersionDate "2011.11.24"]
[SourceQuality "1"]

1. e4 c5 2. Nf3 Nc6 3. d4 cxd4 4. Nxd4 d6 5. Nc3 Nf6 6. Be3 e6 7. Be2 Be7 8. Qd2 0-0 9. 0-0-0 a6 10. f4 Qc7 11. Bf3 Bd7 12. h3 Rfd8 13. g4 Rac8 14. g5 Ne8 15. f5 b5 16. h4 Ne5 17. Qf2 Nc4 18. Rd3 b4 19. fxe6 fxe6 20. Rf1 bxc3 21. Rxc3 Qa5 22. Bg4 Nf6 23. gxf6 Bxf6 24. Nxe6 Qxa2 25. Rxc4 Qxb2+ 26. Kd1 Rxc4 27. Bc1 Qe5 28. Bf4 Qa1+ 29. Kd2 Qc3+ 30. Kc1 Ra4 31. Kd1 Rd4+ 32. Nxd4 Qxd4+ 33. Kc1 Qxf2 34. Rxf2 Bxg4 35. Rd2 Be7 36. Kb2 Kf7 37. Rg2 h5 38. Rf2 Ke6 39. Bg3 Bf6+ 40. Kb3 Be5 41. Bxe5 Kxe5 42. c4 Kxe4 43. Rf7 g6 44. Rf6 Bf5 45. Kb4 Kd4 0-1

[Event "Krapina op"]
[Site "Krapina"]
[Date "2011.07.11"]
[Round "6"]
[White "Tisljar, Stjepan"]
[Black "Takac, Zvonko"]
[Result "0-1"]
[WhiteElo "2052"]
[BlackElo "2071"]
[PlyCount "54"]
[EventDate "2011.06.29"]
[EventType "swiss"]
[EventRounds "9"]
[EventCountry "CRO"]
[SourceTitle "EXT 2012"]
[Source "ChessBase"]
[SourceDate "2011.11.24"]
[SourceVersion "1"]
[SourceVersionDate "2011.11.24"]
[SourceQuality "1"]

1. e4 c5 2. c4 d6 3. Ne2 g6 4. g3 Bg7 5. Bg2 Nc6 6. 0-0 e6 7. Nbc3 Nge7 8. f4 f5 9. d3 0-0 10. Be3 e5 11. fxe5 Nxe5 12. Qd2 Be6 13. exf5 Nxf5 14. Bxb7 Nxe3 15. Qxe3 Rb8 16. Nf4 Bf7 17. Qe4 Qb6 18. Bd5 Qxb2 19. Bxf7+ Nxf7 20. Ncd5 Qd4+ 21. Qxd4 Bxd4+ 22. Kg2 Bxa1 23. Ne7+ Kh8 24. Rxa1 Rb2+ 25. Kh3 Re8 26. Re1 Ne5 27. Nfd5 Rxh2+ 0-1

[Event "Krapina op"]
[Site "Krapina"]
[Date "2011.06.29"]
[Round "1"]
[White "Tisljar, Stjepan"]
[Black "Turk, Vesna"]
[Result "1-0"]
[WhiteElo "2052"]
[BlackElo "1734"]
[PlyCount "67"]
[EventDate "2011.06.29"]
[EventType "swiss"]
[EventRounds "9"]
[EventCountry "CRO"]
[SourceTitle "EXT 2012"]
[Source "ChessBase"]
[SourceDate "2011.11.24"]
[SourceVersion "1"]
[SourceVersionDate "2011.11.24"]
[SourceQuality "1"]

1. e4 c5 2. c4 e6 3. Nc3 Nc6 4. g3 a6 5. Bg2 Qc7 6. Nge2 Nf6 7. 0-0 Ne5 8. d3 Bd6 9. f4 Nxc4 10. dxc4 e5 11. fxe5 Bxe5 12. Bf4 d6 13. Nd5 Nxd5 14. exd5 f6 15. Bxe5 fxe5 16. Nc3 Bd7 17. Qh5+ g6 18. Qg5 Bf5 19. Be4 h6 20. Qh4 Qh7 21. g4 Bd7 22. h3 Rf8 23. Rxf8+ Kxf8 24. Rf1+ Kg8 25. Qf6 h5 26. Bxg6 Qh6 27. Bf7+ Kh7 28. Qxh6+ Kxh6 29. Bxh5 Kg5 30. Rf7 Rd8 31. Ne4+ Kh4 32. Kg2 b5 33. Rh7 Bf5 34. Bg6# 1-0

[Event "Zagreb op-B"]
[Site "Zagreb"]
[Date "2011.04.12"]
[Round "2"]
[White "Zecevic, Dean"]
[Black "Tisljar, Stjepan"]
[Result "1-0"]
[WhiteElo "2215"]
[BlackElo "2082"]
[PlyCount "47"]
[EventDate "2011.04.11"]
[EventType "swiss"]
[EventRounds "9"]
[EventCountry "CRO"]
[SourceTitle "CBM 141 Extra"]
[Source "ChessBase"]
[SourceDate "2011.05.03"]
[SourceVersion "1"]
[SourceVersionDate "2011.05.03"]
[SourceQuality "1"]

1. e4 d6 2. d4 Nf6 3. f3 g6 4. c4 Bg7 5. Nc3 0-0 6. Be3 c6 7. Qd2 Re8 8. Bd3 a5 9. Nge2 Na6 10. Rc1 e5 11. d5 Nd7 12. g4 Ndc5 13. Bc2 Nb4 14. Bb1 f5 15. gxf5 gxf5 16. Bg5 Bf6 17. h4 h6 18. Bxh6 Bxh4+ 19. Kd1 f4 20. Nxf4 exf4 21. Qg2+ Bg3 22. Bxf4 Qf6 23. Qxg3+ Kf8 24. Bxd6+ 1-0

[Event "Hum na Sutli op"]
[Site "Hum na Sutli"]
[Date "2010.11.27"]
[Round "8"]
[White "Tisljar, Stjepan"]
[Black "Turk, Tajana"]
[Result "1-0"]
[WhiteElo "2066"]
[BlackElo "1772"]
[PlyCount "85"]
[EventDate "2010.11.20"]
[EventType "swiss"]
[EventRounds "9"]
[EventCountry "CRO"]
[SourceTitle "CBM 139 Extra"]
[Source "ChessBase"]
[SourceDate "2011.01.05"]
[SourceVersion "1"]
[SourceVersionDate "2011.01.05"]
[SourceQuality "1"]

1. e4 c5 2. c4 Nc6 3. Ne2 Nf6 4. Nbc3 e6 5. d3 a6 6. Bd2 Be7 7. g3 Ne5 8. Nf4 h5 9. h3 d6 10. Qe2 Nc6 11. Be3 Nd4 12. Qd1 Bd7 13. Bg2 Rb8 14. 0-0 Qb6 15. Rb1 a5 16. Nfe2 Bc6 17. f4 Nd7 18. a4 f5 19. Nb5 Bxb5 20. axb5 g6 21. Nc3 Qc7 22. Qd2 Bf6 23. Rbe1 Kf7 24. Kh2 Rbe8 25. Bf3 Nxf3+ 26. Rxf3 b6 27. Ref1 Bg7 28. Kg1 Nf6 29. Qg2 Re7 30. Bd2 Rd8 31. R1f2 Rde8 32. Kf1 Qb7 33. Re2 Qc7 34. Qf2 Rh8 35. Qg2 Rhe8 36. Ke1 Qb8 37. Kd1 Ra7 38. Na4 Rb7 39. Kc2 Ree7 40. Bc3 Qh8 41. Rfe3 Nd7 42. exf5 gxf5 43. Qxb7 1-0

[Event "Hum na Sutli op"]
[Site "Hum na Sutli"]
[Date "2010.11.25"]
[Round "6"]
[White "Tisljar, Stjepan"]
[Black "Doric, Nenad"]
[Result "0-1"]
[WhiteElo "2066"]
[BlackElo "2325"]
[PlyCount "96"]
[EventDate "2010.11.20"]
[EventType "swiss"]
[EventRounds "9"]
[EventCountry "CRO"]
[SourceTitle "CBM 139 Extra"]
[Source "ChessBase"]
[SourceDate "2011.01.05"]
[SourceVersion "1"]
[SourceVersionDate "2011.01.05"]
[SourceQuality "1"]

1. e4 c5 2. c4 Nc6 3. Ne2 e6 4. d4 cxd4 5. Nxd4 Nf6 6. Nc3 Bb4 7. Nxc6 dxc6 8. Qxd8+ Kxd8 9. Bg5 e5 10. 0-0-0+ Ke7 11. f3 Be6 12. a3 Bc5 13. Na4 Bb6 14. Nxb6 axb6 15. Be2 Ra4 16. b3 Rxa3 17. Kb2 Rha8 18. Ra1 Rxa1 19. Rxa1 Rxa1 20. Kxa1 b5 21. f4 Kd6 22. Bxf6 gxf6 23. f5 Bd7 24. Kb2 b4 25. Kc2 Kc5 26. Kd3 b5 27. Ke3 bxc4 28. Bxc4 Be8 29. h4 Kd6 30. Kf3 Ke7 31. Kg4 c5 32. Kh5 Bc6 33. Bd3 c4 34. bxc4 Ba4 35. c5 Bd1+ 36. Kh6 b3 37. Kxh7 Bc2 38. Bc4 b2 39. Ba2 b1Q 40. Bxb1 Bxb1 41. Kg7 Bxe4 42. g4 Bf3 43. g5 fxg5 44. hxg5 Bd5 45. f6+ Kd7 46. g6 fxg6 47. Kxg6 e4 48. Kf5 e3 0-1

[Event "Hum na Sutli op"]
[Site "Hum na Sutli"]
[Date "2010.11.22"]
[Round "3"]
[White "Kalajzic, Ivan"]
[Black "Tisljar, Stjepan"]
[Result "0-1"]
[WhiteElo "2220"]
[BlackElo "2066"]
[PlyCount "102"]
[EventDate "2010.11.20"]
[EventType "swiss"]
[EventRounds "9"]
[EventCountry "CRO"]
[SourceTitle "CBM 139 Extra"]
[Source "ChessBase"]
[SourceDate "2011.01.05"]
[SourceVersion "1"]
[SourceVersionDate "2011.01.05"]
[SourceQuality "1"]

1. b3 Nf6 2. Bb2 g6 3. Bxf6 exf6 4. c4 Bg7 5. g3 0-0 6. Bg2 d6 7. e3 Nc6 8. Ne2 Re8 9. 0-0 Rb8 10. Nbc3 Bd7 11. d4 Qc8 12. Nd5 Ne7 13. Nxe7+ Rxe7 14. Nc3 c6 15. Ne4 Qc7 16. c5 d5 17. Nd6 f5 18. b4 b6 19. a4 a5 20. Qd2 Re6 21. Rfb1 Ra8 22. b5 bxc5 23. dxc5 Bxa1 24. Rxa1 Rxd6 25. cxd6 Qxd6 26. Rd1 Qb4 27. bxc6 Bxc6 28. Bxd5 Qxa4 29. h4 h5 30. f3 Bxd5 31. Qxd5 Qe8 32. e4 fxe4 33. Qxe4 Qxe4 34. fxe4 a4 35. Rd2 a3 36. Ra2 Kf8 37. Kf2 Ke7 38. Ke3 Ke6 39. Kf4 f6 40. g4 Ra4 41. gxh5 gxh5 42. Ke3 Ke5 43. Kf3 Ra7 44. Ke3 Ra8 45. Kd3 Ra4 46. Kc3 Kxe4 47. Kb3 Ra8 48. Re2+ Kf3 49. Re1 a2 50. Ra1 f5 51. Kb2 Kg2 0-1

[Event "Zagreb op-B"]
[Site "Zagreb"]
[Date "2009.03.23"]
[Round "3"]
[White "Mihalincic, Tomislav"]
[Black "Tisljar, Stjepan"]
[Result "1-0"]
[WhiteElo "2244"]
[BlackElo "2100"]
[PlyCount "99"]
[EventDate "2009.03.21"]
[EventType "swiss"]
[EventRounds "9"]
[EventCountry "CRO"]
[SourceTitle "CBM 129 Extra"]
[Source "ChessBase"]
[SourceDate "2009.05.05"]
[SourceVersion "2"]
[SourceVersionDate "2009.05.20"]
[SourceQuality "1"]

1. e4 e5 2. Nf3 Nf6 3. Nxe5 d6 4. Nf3 Nxe4 5. d4 d5 6. Bd3 Bd6 7. h3 0-0 8. 0-0 Nd7 9. c4 Nef6 10. c5 Be7 11. Nc3 c6 12. Bf4 Re8 13. Qc2 Nf8 14. b4 g6 15. Bh2 Nh5 16. b5 Ne6 17. Ne2 Bf6 18. bxc6 bxc6 19. Qa4 Qd7 20. Rab1 Ng5 21. Ne5 Bxe5 22. dxe5 Ne6 23. Rfc1 Qc7 24. f4 Nhg7 25. Rb3 a5 26. Bg3 Ba6 27. Bxa6 Rxa6 28. Bf2 Rd8 29. Rcb1 Qe7 30. Rc1 Ne8 31. Rbb1 N8c7 32. Rb6 Qd7 33. Rxa6 Nxa6 34. Qxa5 Ra8 35. Qc3 Qb7 36. a3 Nac7 37. f5 gxf5 38. Bh4 f4 39. Bf6 Ne8 40. Nd4 Nxf6 41. exf6 Rb8 42. Nxe6 fxe6 43. Qe5 Re8 44. Rf1 Qf7 45. Rxf4 Kh8 46. a4 h6 47. a5 Rg8 48. a6 Kh7 49. Rb4 Qg6 50. Rb7+ 1-0

[Event "Hum na Sutli op"]
[Site "Hum na Sutli"]
[Date "2008.11.26"]
[Round "5"]
[White "Raljic, Mirko"]
[Black "Tisljar, Stjepan"]
[Result "1-0"]
[WhiteElo "2169"]
[BlackElo "2111"]
[PlyCount "101"]
[EventDate "2008.11.22"]
[EventType "swiss"]
[EventRounds "9"]
[EventCountry "CRO"]
[SourceTitle "EXT 2010"]
[Source "ChessBase"]
[SourceDate "2010.11.25"]
[SourceVersion "1"]
[SourceVersionDate "2010.11.25"]
[SourceQuality "1"]

1. e4 c5 2. Nc3 d6 3. g3 Nc6 4. Bg2 Nf6 5. h3 Bd7 6. Nge2 Qc8 7. d4 cxd4 8. Nxd4 g6 9. Be3 Bg7 10. Qd2 Ne5 11. b3 0-0 12. Nd5 Re8 13. c4 e6 14. Nxf6+ Bxf6 15. 0-0 Nc6 16. Nb5 Bxa1 17. Nxd6 Qc7 18. Nxe8 Bxe8 19. Rxa1 f6 20. Rd1 Rd8 21. Qe2 e5 22. Rxd8 Qxd8 23. Qd2 Nd4 24. f4 Bf7 25. fxe5 fxe5 26. Kh2 Be6 27. Bg5 Qf8 28. Bh6 Qe7 29. Qa5 Nc6 30. Qd2 Nd4 31. h4 Bg4 32. Qf2 b6 33. b4 Qf7 34. Qd2 Be2 35. Qg5 Ne6 36. Qxe5 Bxc4 37. Qb8+ Nf8 38. a3 b5 39. Kg1 Qe7 40. Qxf8+ Qxf8 41. Bxf8 Kxf8 42. Kf2 Ke7 43. Ke3 h6 44. Kd4 Kd6 45. e5+ Kc7 46. Kc5 a6 47. a4 Bd3 48. axb5 Bxb5 49. Bd5 Be8 50. Bc4 a5 51. bxa5 1-0